000 00872nam a2200325 a 4500
001 1939516
003 OSt
005 20140310182748.0
008 860428s1983 ph a b 001 0 eng
010 _a 86151699
020 _a9710834371
040 _aDLC
_cDLC
_dDLC
043 _aa-ph---
050 0 0 _aPN4775
_b.R36 1983
082 0 0 _a079/.599
_219
100 1 _aRamirez, Jaime B.
245 1 0 _aPhilippine journalism handbook /
_cJaime B. Ramirez.
250 _aRev. ed.
260 _aMetro Manila, Philippines :
_bNational Book Store Publishers,
_cc1983.
300 _axxi, 509 p. :
_bill. ;
_c22 cm.
500 _aIncludes index.
521 _aMC
650 0 _aJournalism.
650 0 _aJournalism
_zPhilippines.
906 _a7
_bcbc
_corignew
_d4
_encip
_f19
_gy-gencatlg
942 _2lcc
_cBK
999 _c15691
_d15691